| 000 | 02739nam a2200469 a 4500 | ||
|---|---|---|---|
| 001 | dia_5180 | ||
| 003 | CHAP | ||
| 005 | 20250917103835.0 | ||
| 007 | ta | ||
| 008 | 220117s1996 mx bdeofrm 001 0 spa d | ||
| 010 | _a176045 | ||
| 040 |
_cCHAP _amxchpua _erda |
||
| 041 | 0 |
_aspa _bspa |
|
| 090 |
_aTesis _bR362 _c1996 |
||
| 100 | 1 | _aRamos Izquierdo, Betty del Carmen | |
| 245 | 1 | 0 |
_aEstudio para la puesta en marcha de una planta pasteurizadora de leche en Singuio, municipio de Álvaro Obregón, Michoacán / _cBetty del Carmen Ramos Izquierdo y Rosalba Vázquez García |
| 264 |
_aChapingo, México : _bEl autor, _c1996 |
||
| 300 |
_aviii, 113 hojas : _bmapas, gráficas, diagramas, tablas, fotos, planos |
||
| 336 |
_2rdacontent _atexto _btxt |
||
| 337 |
_2rdamedia _ano mediado _bn |
||
| 338 |
_2rdacarrier _avolumen _bnc |
||
| 500 | _aLos planos están incluidos en el reporte. | ||
| 502 |
_aTesis _b(Ingeniero Agroindustrial) -- _cUACh. Departamento de Ingeniería Agroindustrial, _d1996 |
||
| 504 | _aBibliografía: hojas 109-110 | ||
| 505 | 0 | _a3 planos: -- 1. Plano de distribución de áreas (Esc. 1:15) -- 2. Plano de distribución de equipo -- 3. Diagrama Unifilar | |
| 520 | 3 | _aEn este proyecto se proponen estrategias para la puesta en marcha de una planta pasteurizadora la de leche en Singuio, Michoacán. Con el funcionamiento de la planta pasteurizadora, se plantea solucionar el problema de comercialización de la leche en la región de estudio ya que se logra eliminar el intermediarismo existente y los productores aseguran la venta de la leche durante todo el año a un mejor precio, además, se generan utilidades adicionales para los socios por hacer uso de una infraestructura que actualmente se encuentra ociosa. la principal restricción para el proyecto es el mercado, ya que éste se encuentra saturado por marcas muy reconocidas y de gran aceptación por el consumidor; sin embargo, si se siguen las estrategias señaladas, se podrá alcanzar el programa de ventas propuesto. | |
| 650 | 1 | 3 |
_aIndustria láctea _xIniciativa empresarial _zMéxico _zMichoacán _2atg |
| 650 | 1 | 3 |
_aLeche _xPasteurización _2atg |
| 650 | 1 | 3 |
_aMilk industry _xEntreprenueurship _zMexico _zMichoacán _2atg |
| 650 | 1 | 3 |
_aMilk _xPasteurization _2atg |
| 700 | 1 |
_aVázquez García, Rosalba _eautora |
|
| 700 | 1 |
_aSantoyo Cortés, Vinicio Horacio _edirector |
|
| 700 | 1 |
_aSantos Moreno, Armando _easesor |
|
| 700 | 1 |
_aVillegas de Gante, Abraham Zacarias _easesor |
|
| 901 | _aTESIS R362 1996 | ||
| 902 | _aM | ||
| 905 | _a5232271996 mx nma 8222123322spa16 | ||
| 942 |
_cTESIS _2Clasificación Universidad Autónoma Chapingo |
||
| 999 |
_c176045 _d176045 |
||